[Event "Madrid-chT 2324"]
[Site "Madrid"]
[Date "2023.11.26"]
[Round "2.2"]
[White "Centron Antuna, Daniel"]
[Black "Rottenwohrer Suarez, Juan"]
[Result "0-1"]
[WhiteElo "2233"]
[BlackElo "2265"]
[PlyCount "134"]
[EventDate "2023.11.19"]
[EventType "team-tourn"]
[EventRounds "14"]
[EventCountry "ESP"]
[SourceTitle "AjedrezenMadrid"]
[Source "lmi"]
[SourceDate "2023.11.19"]
[SourceVersion "1"]
[SourceVersionDate "2024.03.19"]
[SourceQuality "1"]
[WhiteTeam "Tajamar"]
[BlackTeam "San Sebastian de los Reyes"]
[WhiteTeamCountry "ESP"]
[BlackTeamCountry "ESP"]

1. e4 c5 2. c3 Nf6 3. e5 Nd5 4. Nf3 Nc6 5. Bc4 Nb6 6. Bb3 c4 7. Bc2 d6 8. exd6
Qxd6 9. b3 Qe6+ 10. Qe2 Qxe2+ 11. Kxe2 e5 12. Re1 f6 13. bxc4 Nxc4 14. d3 Nb6
15. a4 Be6 16. Be3 Nd5 17. d4 exd4 18. Nxd4 Nxe3 19. fxe3 Bc4+ 20. Kd1 Ne5 21.
Nd2 Bd5 22. e4 Bf7 23. a5 O-O-O 24. a6 Bc5 25. axb7+ Kxb7 26. Ra4 Rd7 27. Ke2
Rhd8 28. Rb1+ Ka8 29. N2f3 Rc8 30. Bb3 Rb7 31. Nd2 Bxb3 32. Rxb3 Rxb3 33. N4xb3
Bg1 34. Ra1 Bxh2 35. Nd4 Bf4 36. N2b3 Nc6 37. Nxc6 Rxc6 38. Nd4 Rb6 39. Rh1 h6
40. Nf5 Rb7 41. Rd1 a5 42. Ra1 Ra7 43. Nd4 Ra6 44. Kd3 Be5 45. Nb3 Bc7 46. Nd4
h5 47. Kc4 g5 48. Rb1 h4 49. Nb5 Be5 50. Rd1 Rc6+ 51. Kd5 Kb7 52. Rb1 Rb6 53.
c4 Ka6 54. Rb3 a4 55. Rd3 Rxb5+ 56. cxb5+ Kxb5 57. Ke6 Kc4 58. Rd7 a3 59. Ra7
Kb3 60. Rb7+ Kc2 61. Ra7 Kb2 62. Rb7+ Ka1 63. Kf5 a2 64. Rb5 Bb2 65. Kg6 Kb1
66. e5 fxe5 67. Ra5 g4 0-1

[Event "Madrid-chT 2324"]
[Site "Madrid"]
[Date "2023.11.25"]
[Round "2.3"]
[White "Hidalgo Duque, Carlos"]
[Black "Quispe Arteaga, Gabriel"]
[Result "1/2-1/2"]
[WhiteElo "2275"]
[BlackElo "2384"]
[PlyCount "22"]
[EventDate "2023.11.19"]
[EventType "team-tourn"]
[EventRounds "14"]
[EventCountry "ESP"]
[SourceTitle "AjedrezenMadrid"]
[Source "lmi"]
[SourceDate "2023.11.19"]
[SourceVersion "1"]
[SourceVersionDate "2024.03.19"]
[SourceQuality "1"]
[WhiteTeam "Blanco y Negro"]
[BlackTeam "Collado Villalba"]
[WhiteTeamCountry "ESP"]
[BlackTeamCountry "ESP"]

1. d4 g6 2. c4 Bg7 3. e4 c5 4. Nf3 cxd4 5. Nxd4 Nc6 6. Be3 Qb6 7. Nb3 Qd8 8.
Nd4 Qb6 9. Nb3 Qd8 10. Nd4 Qb6 11. Nb3 Qd8 1/2-1/2

[Event "Madrid-chT 2324"]
[Site "Madrid"]
[Date "2023.11.25"]
[Round "2.3"]
[White "Neagu, Roberto Florin"]
[Black "Garcia Luengo, Leandro"]
[Result "1/2-1/2"]
[WhiteElo "2279"]
[BlackElo "2295"]
[PlyCount "39"]
[EventDate "2023.11.19"]
[EventType "team-tourn"]
[EventRounds "14"]
[EventCountry "ESP"]
[SourceTitle "AjedrezenMadrid"]
[Source "lmi"]
[SourceDate "2023.11.19"]
[SourceVersion "1"]
[SourceVersionDate "2024.03.19"]
[SourceQuality "1"]
[WhiteTeam "Alcorcon Diagonal"]
[BlackTeam "Villalba 64"]
[WhiteTeamCountry "ESP"]
[BlackTeamCountry "ESP"]

1. Nf3 e6 2. c4 f5 3. g3 Nf6 4. Bg2 d5 5. cxd5 exd5 6. O-O Bd6 7. Nc3 O-O 8. d3
c6 9. e4 fxe4 10. dxe4 Nxe4 11. Nxe4 dxe4 12. Ng5 Be7 13. Qh5 Bxg5 14. Bxg5 Qe8
15. Qh4 Bf5 16. Rae1 Nd7 17. Be7 Rf7 18. Bb4 Nf6 19. Bc3 Qe7 20. Bxf6 1/2-1/2

[Event "Madrid-chT 2324"]
[Site "Madrid"]
[Date "2023.11.26"]
[Round "2.3"]
[White "Alfaya Marcelo, Roberto"]
[Black "Mkrtchyan, Levon"]
[Result "1-0"]
[WhiteElo "2243"]
[BlackElo "2245"]
[PlyCount "115"]
[EventDate "2023.11.19"]
[EventType "team-tourn"]
[EventRounds "14"]
[EventCountry "ESP"]
[SourceTitle "AjedrezenMadrid"]
[Source "lmi"]
[SourceDate "2023.11.19"]
[SourceVersion "1"]
[SourceVersionDate "2024.03.19"]
[SourceQuality "1"]
[WhiteTeam "San Sebastian de los Reyes"]
[BlackTeam "Tajamar"]
[WhiteTeamCountry "ESP"]
[BlackTeamCountry "ESP"]

1. Nf3 d5 2. e3 Nf6 3. c4 e6 4. d4 c5 5. a3 a6 6. dxc5 Bxc5 7. b4 Be7 8. Bb2
O-O 9. Nbd2 Nbd7 10. Be2 b6 11. O-O Bb7 12. Qb1 dxc4 13. Bxc4 b5 14. Bd3 Bd6
15. Rd1 Qe7 16. Ne4 Bxe4 17. Bxe4 Rad8 18. Bd3 h6 19. a4 Bxb4 20. axb5 axb5 21.
Ra7 Nd5 22. e4 N5b6 23. Bxb5 Ra8 24. Raxd7 Nxd7 25. Rxd7 Qc5 26. Bf1 Rfd8 27.
Bd4 Qa5 28. Rb7 Rdb8 29. Rxb8+ Rxb8 30. Qc2 Qa8 31. Be3 Rc8 32. Qb1 Bc5 33.
Bxc5 Rxc5 34. g3 Ra5 35. Kg2 Qa7 36. Bc4 Ra3 37. Qd1 Qc7 38. Qe2 Rc3 39. Bd3
Qd6 40. Ne1 Qd4 41. e5 Rc5 42. Nf3 Qa1 43. Qe4 g6 44. Qh4 Qc1 45. Qf6 Rc6 46.
Nd4 Rc7 47. Bxg6 Qc4 48. Bxf7+ Rxf7 49. Qg6+ Rg7 50. Qe8+ Kh7 51. Nxe6 Qe4+ 52.
f3 Qc2+ 53. Kh3 Qf5+ 54. Kg2 Qc2+ 55. Kh3 Qf5+ 56. Kh4 Rf7 57. f4 h5 58. Qxf7+
1-0

[Event "Madrid-chT 2324"]
[Site "Madrid"]
[Date "2023.11.26"]
[Round "2.3"]
[White "Garrido Olivares, Ricard"]
[Black "Moreno Ibanez, Miguel"]
[Result "1/2-1/2"]
[WhiteElo "2155"]
[BlackElo "2183"]
[PlyCount "95"]
[EventDate "2023.11.19"]
[EventType "team-tourn"]
[EventRounds "14"]
[EventCountry "ESP"]
[SourceTitle "AjedrezenMadrid"]
[Source "lmi"]
[SourceDate "2023.11.19"]
[SourceVersion "1"]
[SourceVersionDate "2024.03.19"]
[SourceQuality "1"]
[WhiteTeam "San Fernando de Henares"]
[BlackTeam "Mostoles"]
[WhiteTeamCountry "ESP"]
[BlackTeamCountry "ESP"]

1. c4 g6 2. Nc3 Bg7 3. Nf3 d6 4. d4 Nf6 5. e4 O-O 6. Be2 c5 7. h3 Nc6 8. d5 Na5
9. O-O e5 10. Qc2 Kh8 11. a3 b6 12. b4 Nb7 13. b5 Ng8 14. a4 Qe7 15. Ra3 f5 16.
exf5 gxf5 17. Re1 e4 18. Nh2 Bd4 19. Bf1 Qh4 20. Nd1 Bd7 21. g3 Qf6 22. Kh1
Rae8 23. f4 Qg7 24. Qg2 Nf6 25. Be2 Rg8 26. Nf1 Re7 27. Nde3 Qh6 28. Rd1 Nh5
29. Nc2 Bf6 30. Qf2 Reg7 31. Kh2 Rg6 32. Bd2 Bg7 33. Be1 Nf6 34. Qe3 Na5 35.
Kg2 Nh5 36. Kh2 Nf6 37. Kg2 Nh5 38. Kh2 Nf6 39. Bxa5 bxa5 40. Qd2 Nh5 41. Bxh5
Qxh5 42. Re1 Bf6 43. Nce3 Rh6 44. Qg2 Qf7 45. Qd2 Qh5 46. Qg2 Qf7 47. Qd2 Qh5
48. Qg2 1/2-1/2

[Event "Madrid-chT 2324"]
[Site "Madrid"]
[Date "2023.11.25"]
[Round "2.4"]
[White "Suarez Uriel, Adrian"]
[Black "Renteria Becerra, Jorge Elicer"]
[Result "1-0"]
[WhiteElo "2375"]
[BlackElo "2245"]
[PlyCount "89"]
[EventDate "2023.11.19"]
[EventType "team-tourn"]
[EventRounds "14"]
[EventCountry "ESP"]
[SourceTitle "AjedrezenMadrid"]
[Source "lmi"]
[SourceDate "2023.11.19"]
[SourceVersion "1"]
[SourceVersionDate "2024.03.19"]
[SourceQuality "1"]
[WhiteTeam "Collado Villalba"]
[BlackTeam "Blanco y Negro"]
[WhiteTeamCountry "ESP"]
[BlackTeamCountry "ESP"]

1. e4 c5 2. Nf3 d6 3. d4 cxd4 4. Nxd4 Nf6 5. Nc3 g6 6. f3 a6 7. Be3 h5 8. Qd2
e5 9. Nb3 Be6 10. Be2 Nbd7 11. Nd5 Bxd5 12. exd5 a5 13. a4 Be7 14. O-O Kf8 15.
f4 Qc7 16. Rad1 Kg8 17. fxe5 Nxe5 18. Bd4 Nfd7 19. Bb5 Rh7 20. Bc3 Bd8 21. Kh1
h4 22. h3 Nf6 23. Rfe1 Rh5 24. Re2 Ned7 25. Bxd7 Qxd7 26. Qe1 Qxa4 27. Rd4 Qb5
28. Rf4 a4 29. Nd2 Rf5 30. Rxh4 Ba5 31. Bxf6 Rxf6 32. c3 a3 33. Ne4 Bd8 34.
Nxf6+ Bxf6 35. Rb4 Qd3 36. bxa3 Bxc3 37. Rb3 Bxe1 38. Rxd3 Bh4 39. Rb2 Ra7 40.
Rb6 Be7 41. Rdb3 Ra4 42. Rxb7 Bf8 43. Rf3 Rd4 44. Rfxf7 Rxd5 45. Rf6 1-0

[Event "Madrid-chT 2324"]
[Site "Madrid"]
[Date "2023.11.26"]
[Round "2.4"]
[White "Calvo Gonzalez, Jose Felix"]
[Black "Gallego Bergada, Antoni"]
[Result "0-1"]
[WhiteElo "2180"]
[BlackElo "2109"]
[PlyCount "112"]
[EventDate "2023.11.19"]
[EventType "team-tourn"]
[EventRounds "14"]
[EventCountry "ESP"]
[SourceTitle "AjedrezenMadrid"]
[Source "lmi"]
[SourceDate "2023.11.19"]
[SourceVersion "1"]
[SourceVersionDate "2024.03.19"]
[SourceQuality "1"]
[WhiteTeam "Mostoles"]
[BlackTeam "San Fernando de Henares"]
[WhiteTeamCountry "ESP"]
[BlackTeamCountry "ESP"]

1. e4 c5 2. Nf3 d6 3. d4 cxd4 4. Nxd4 Nf6 5. Nc3 g6 6. Be3 Bg7 7. f3 O-O 8. Qd2
Nc6 9. Bc4 Nxd4 10. Bxd4 Be6 11. Bb3 Qa5 12. O-O-O b5 13. Kb1 b4 14. Nd5 Bxd5
15. exd5 Qb5 16. Rhe1 a5 17. Qe2 Qxe2 18. Rxe2 a4 19. Bc4 Rfc8 20. Bb5 Ra5 21.
Bxf6 Bxf6 22. Bc6 a3 23. c3 bxc3 24. b3 Ra7 25. Kc2 e6 26. b4 exd5 27. b5 Rxc6
28. bxc6 Rc7 29. Rxd5 Rxc6 30. Re8+ Kg7 31. Re1 Be5 32. g3 g5 33. Rb5 Bf6 34.
Rd1 h5 35. f4 gxf4 36. gxf4 Rc4 37. Rg1+ Kf8 38. Rf5 Bg7 39. Rb1 Re4 40. Rb8+
Ke7 41. Rb7+ Ke6 42. Rfxf7 Re2+ 43. Kd3 Rd2+ 44. Ke3 Bd4+ 45. Ke4 d5+ 46. Kf3
Rf2+ 47. Kg3 h4+ 48. Kxh4 c2 49. Rbe7+ Kd6 50. Rd7+ Kc6 51. Rc7+ Kb5 52. Kg3
Rd2 53. Rb7+ Kc4 54. Rfc7+ Bc5 55. f5 Rd3+ 56. Kf4 Rc3 0-1

[Event "Madrid-chT 2324"]
[Site "Madrid"]
[Date "2023.11.26"]
[Round "2.4"]
[White "Rodriguez Avila, Alvaro"]
[Black "Martinez Fernandez, Raul"]
[Result "1/2-1/2"]
[WhiteElo "2190"]
[BlackElo "2215"]
[PlyCount "149"]
[EventDate "2023.11.19"]
[EventType "team-tourn"]
[EventRounds "14"]
[EventCountry "ESP"]
[SourceTitle "AjedrezenMadrid"]
[Source "lmi"]
[SourceDate "2023.11.19"]
[SourceVersion "1"]
[SourceVersionDate "2024.03.19"]
[SourceQuality "1"]
[WhiteTeam "Tajamar"]
[BlackTeam "San Sebastian de los Reyes"]
[WhiteTeamCountry "ESP"]
[BlackTeamCountry "ESP"]

1. e4 e5 2. Nf3 Nc6 3. Bb5 a6 4. Ba4 Nf6 5. O-O b5 6. Bb3 Bc5 7. a4 Rb8 8. c3
d6 9. d4 Bb6 10. a5 Ba7 11. Be3 Bg4 12. Nbd2 O-O 13. Qc2 Re8 14. Rfe1 Bh5 15.
dxe5 Bxe3 16. Rxe3 Ng4 17. Ree1 Ncxe5 18. Nxe5 dxe5 19. h3 Nf6 20. Nf1 Qe7 21.
Ng3 Bg6 22. Qe2 h5 23. Qf3 c5 24. Bd5 Nxd5 25. exd5 e4 26. Qe3 Qd6 27. Rad1 Re5
28. Ne2 Rxd5 29. Rxd5 Qxd5 30. Nf4 Qf5 31. Rd1 Qf6 32. Rd5 c4 33. Qd2 Qe7 34.
Rd6 e3 35. fxe3 Be4 36. Nxh5 Bb7 37. Nf4 Re8 38. Qd4 Qh4 39. Kh2 Qf2 40. Rd8
Rxd8 41. Qxd8+ Kh7 42. Qe7 Bxg2 43. Nxg2 Qxb2 44. Qe5 b4 45. Qf5+ Kg8 46. Qc8+
Kh7 47. Kg3 bxc3 48. Qf5+ Kg8 49. Qc8+ Kh7 50. Qf5+ Kg8 51. Ne1 Qc1 52. Qf2 Qa1
53. Qe2 Qxa5 54. Qxc4 Qg5+ 55. Kf2 Qf5+ 56. Ke2 Qxh3 57. Qxc3 Qh2+ 58. Kd1 Qh5+
59. Kc1 Qf5 60. Qd3 Qc5+ 61. Nc2 Qc6 62. Kd2 Qb6 63. Qd4 Qc7 64. Nb4 a5 65. Nd5
Qd6 66. e4 f6 67. Kd3 Qa3+ 68. Nc3 Kh7 69. Qd7 Kh6 70. Qa4 Qxa4 71. Nxa4 Kg5
72. Ke3 Kg4 73. Nc3 Kg3 74. Ne2+ Kg4 75. Nc3 1/2-1/2

[Event "Madrid-chT 2324"]
[Site "Madrid"]
[Date "2023.11.25"]
[Round "2.5"]
[White "Alarcia Astiz, Carlos"]
[Black "Ruiz Buendia, Miguel"]
[Result "0-1"]
[WhiteElo "2254"]
[BlackElo "2244"]
[PlyCount "95"]
[EventDate "2023.11.19"]
[EventType "team-tourn"]
[EventRounds "14"]
[EventCountry "ESP"]
[SourceTitle "AjedrezenMadrid"]
[Source "lmi"]
[SourceDate "2023.11.19"]
[SourceVersion "1"]
[SourceVersionDate "2024.03.19"]
[SourceQuality "1"]
[WhiteTeam "Blanco y Negro"]
[BlackTeam "Collado Villalba"]
[WhiteTeamCountry "ESP"]
[BlackTeamCountry "ESP"]

1. e4 e5 2. Nf3 Nc6 3. Bc4 Nf6 4. d3 Bc5 5. O-O d6 6. c3 a5 7. a4 h6 8. Nbd2
O-O 9. h3 Ba7 10. Re1 Be6 11. Bb3 Qd7 12. Nf1 Rfe8 13. Bc2 d5 14. Qe2 d4 15.
Ng3 Rad8 16. Kh2 Qe7 17. Bd2 Bb6 18. Rf1 Nd7 19. Ne1 Nc5 20. f4 exf4 21. Bxf4
Qh4 22. Rd1 Nd7 23. Bc1 Nde5 24. Nf5 Bxf5 25. Rxf5 Bc5 26. Bb3 Bd6 27. Kh1 Rd7
28. Nf3 Nxf3 29. Qxf3 Ne5 30. Qe2 c5 31. Bd5 g6 32. Rf2 Kg7 33. Rdf1 Ree7 34.
Bf4 h5 35. Kg1 Rc7 36. Qd2 Red7 37. c4 b6 38. Bh2 Ra7 39. Rf6 Bc7 40. Rxb6 Bxb6
41. Bxe5+ Kh7 42. Rf4 Qd8 43. Bf6 Qf8 44. e5 Bd8 45. e6 fxe6 46. Bxd4 Qh6 47.
Be3 Bg5 48. Bxe6 0-1

[Event "Madrid-chT 2324"]
[Site "Madrid"]
[Date "2023.11.25"]
[Round "2.5"]
[White "Amador Garcia, Ismael"]
[Black "Esquivias Quintero, Luis Manuel"]
[Result "0-1"]
[WhiteElo "2273"]
[BlackElo "2257"]
[PlyCount "86"]
[EventDate "2023.11.19"]
[EventType "team-tourn"]
[EventRounds "14"]
[EventCountry "ESP"]
[SourceTitle "AjedrezenMadrid"]
[Source "lmi"]
[SourceDate "2023.11.19"]
[SourceVersion "1"]
[SourceVersionDate "2024.03.19"]
[SourceQuality "1"]
[WhiteTeam "Villalba 64"]
[BlackTeam "Alcorcon Diagonal"]
[WhiteTeamCountry "ESP"]
[BlackTeamCountry "ESP"]

1. e4 c5 2. Nf3 g6 3. d4 cxd4 4. Nxd4 Nc6 5. c4 Nf6 6. Nc3 Nxd4 7. Qxd4 d6 8.
Be2 Bg7 9. Be3 O-O 10. Qd3 Qa5 11. O-O a6 12. Rac1 Be6 13. Qb1 Rfc8 14. b4 Qa3
15. Qb3 Qxb3 16. axb3 b5 17. Bf3 Rab8 18. e5 dxe5 19. Ba7 bxc4 20. Bxb8 Rxb8
21. bxc4 Bxc4 22. Rfd1 Rxb4 23. Rd8+ Bf8 24. g4 h6 25. h3 e6 26. Be2 Kg7 27.
Ra8 Ne4 28. Nxe4 Bxe2 29. Rcc8 Rxe4 30. Rxf8 Bf3 31. Rg8+ Kf6 32. Rxa6 Re1+ 33.
Kh2 g5 34. Rh8 e4 35. Rxh6+ Kg7 36. Rh5 Rh1+ 37. Kg3 Rg1+ 38. Kh2 Rg2+ 39. Kh1
Rxg4+ 40. Kh2 Rg2+ 41. Kh1 Rxf2+ 42. Kg1 Rg2+ 43. Kf1 e3 0-1

[Event "Madrid-chT 2324"]
[Site "Madrid"]
[Date "2023.11.26"]
[Round "2.5"]
[White "Fernandez Alvarez, Luis"]
[Black "Rodriguez Lopez, David"]
[Result "1/2-1/2"]
[WhiteElo "2186"]
[BlackElo "2142"]
[PlyCount "107"]
[EventDate "2023.11.19"]
[EventType "team-tourn"]
[EventRounds "14"]
[EventCountry "ESP"]
[SourceTitle "AjedrezenMadrid"]
[Source "lmi"]
[SourceDate "2023.11.19"]
[SourceVersion "1"]
[SourceVersionDate "2024.03.19"]
[SourceQuality "1"]
[WhiteTeam "San Sebastian de los Reyes"]
[BlackTeam "Tajamar"]
[WhiteTeamCountry "ESP"]
[BlackTeamCountry "ESP"]

1. e4 e5 2. Nf3 Nc6 3. Bb5 a6 4. Bxc6 dxc6 5. O-O Qf6 6. d4 exd4 7. Bg5 Qd6 8.
Nxd4 Be7 9. Bxe7 Nxe7 10. Nc3 Bd7 11. Nb3 O-O-O 12. Qf3 Ng6 13. Rad1 Qe7 14.
Qe3 Kb8 15. f4 Bc8 16. Rde1 Rhe8 17. a3 b6 18. Qf2 f6 19. h3 Bb7 20. Nd4 c5 21.
Nf5 Qf7 22. Re2 Ne7 23. Nxe7 Rxe7 24. Rfe1 Rde8 25. e5 fxe5 26. fxe5 Qg6 27.
Kh2 Rf7 28. Qg3 Qxg3+ 29. Kxg3 Re6 30. Nd1 c4 31. h4 h5 32. Kh2 Rf4 33. g3 Rf5
34. Nf2 g5 35. Nh3 gxh4 36. gxh4 Re7 37. Ng5 Rf4 38. Kg3 Rg4+ 39. Kh3 Bd5 40.
c3 Rf4 41. Kg3 Rf5 42. e6 c6 43. Rf2 Rxf2 44. Kxf2 Kc7 45. Kg3 Kd6 46. Kf4 Bxe6
47. Rxe6+ Rxe6 48. Nxe6 Kxe6 49. Kg5 Ke5 50. Kxh5 Kf5 51. Kh6 Kf6 52. Kh5 Kf5
53. Kh6 Kf6 54. Kh5 1/2-1/2

[Event "Madrid-chT 2324"]
[Site "Madrid"]
[Date "2023.11.26"]
[Round "2.5"]
[White "Sempere Domenech, Abel"]
[Black "Guillo Longares, Cecilia"]
[Result "1/2-1/2"]
[WhiteElo "1981"]
[BlackElo "2093"]
[PlyCount "105"]
[EventDate "2023.11.19"]
[EventType "team-tourn"]
[EventRounds "14"]
[EventCountry "ESP"]
[SourceTitle "AjedrezenMadrid"]
[Source "lmi"]
[SourceDate "2023.11.19"]
[SourceVersion "1"]
[SourceVersionDate "2024.03.19"]
[SourceQuality "1"]
[WhiteTeam "San Fernando de Henares"]
[BlackTeam "Mostoles"]
[WhiteTeamCountry "ESP"]
[BlackTeamCountry "ESP"]

1. d4 Nf6 2. Nf3 g6 3. c4 Bg7 4. Nc3 d5 5. e3 O-O 6. cxd5 Nxd5 7. Bc4 Nxc3 8.
bxc3 c5 9. O-O Nc6 10. Ba3 b6 11. Qe2 Qc7 12. Rac1 Bf5 13. Nh4 Bd7 14. Rfd1 Na5
15. Bd3 Ba4 16. Re1 e5 17. Nf3 Nc6 18. d5 Na5 19. e4 c4 20. Bc2 Bxc2 21. Qxc2
Rfd8 22. Red1 Nb7 23. Qa4 Rac8 24. Rb1 Nd6 25. Bxd6 Rxd6 26. Rb4 a5 27. Rb5 Rf6
28. Qa3 Bf8 29. Qb2 Bc5 30. Qe2 Qd7 31. Rxc5 Rxc5 32. Nxe5 Qc7 33. Ng4 Rd6 34.
e5 Rd8 35. d6 Qc8 36. Nh6+ Kg7 37. Nxf7 Kxf7 38. d7 Qc6 39. Rd6 Qxd6 40. Qf3+
Ke7 41. exd6+ Kxd6 42. h4 Rxd7 43. a4 Kc7 44. Qa8 Rcd5 45. Qa7+ Kc6 46. Qa6 Rc5
47. Qc8+ Kd6 48. Qh8 Kc6 49. g3 Rf7 50. Qe8+ Rd7 51. Qc8+ Kd6 52. Qb8+ Kc6 53.
Qc8+ 1/2-1/2

[Event "Madrid-chT 2324"]
[Site "Madrid"]
[Date "2023.11.25"]
[Round "2.6"]
[White "Castejon Caballero, Andres"]
[Black "Pinto, Daniel"]
[Result "1/2-1/2"]
[WhiteElo "2009"]
[BlackElo "2268"]
[PlyCount "98"]
[EventDate "2023.11.19"]
[EventType "team-tourn"]
[EventRounds "14"]
[EventCountry "ESP"]
[SourceTitle "AjedrezenMadrid"]
[Source "lmi"]
[SourceDate "2023.11.19"]
[SourceVersion "1"]
[SourceVersionDate "2024.03.19"]
[SourceQuality "1"]
[WhiteTeam "Alcorcon Diagonal"]
[BlackTeam "Villalba 64"]
[WhiteTeamCountry "ESP"]
[BlackTeamCountry "ESP"]

1. e4 e5 2. Nf3 Nc6 3. Bc4 Nf6 4. d3 Be7 5. O-O O-O 6. Re1 d6 7. Nbd2 Na5 8.
Bb3 Nxb3 9. axb3 Ne8 10. d4 exd4 11. Nxd4 g6 12. Nc4 Ng7 13. Ne3 c6 14. b4 Bd7
15. c4 a5 16. bxa5 Rxa5 17. Rxa5 Qxa5 18. Bd2 Qh5 19. f3 Bf6 20. Bc3 Be5 21. g3
f5 22. exf5 gxf5 23. f4 Qxd1 24. Rxd1 Bf6 25. Nf3 Be7 26. c5 d5 27. b4 Ra8 28.
Ra1 Rxa1+ 29. Bxa1 Bd8 30. Ne5 Be6 31. Nc2 Ne8 32. Nd4 Nc7 33. Kf2 Kf8 34. h3
Bc8 35. Kf3 Ne8 36. b5 cxb5 37. Nxb5 Be7 38. Bd4 Ng7 39. Nc7 Ne6 40. Nxe6+ Bxe6
41. g4 fxg4+ 42. hxg4 Bf6 43. f5 Bxe5 44. Bxe5 Bd7 45. Kf4 d4 46. Bxd4 Kf7 47.
Kg5 Bc6 48. Kh6 Bf3 49. g5 Be4 1/2-1/2

[Event "Madrid-chT 2324"]
[Site "Madrid"]
[Date "2023.11.25"]
[Round "2.6"]
[White "Centeno Mendoza, Julio Stefano"]
[Black "Lang, Zalan Andreas"]
[Result "1/2-1/2"]
[WhiteElo "2077"]
[BlackElo "2211"]
[PlyCount "103"]
[EventDate "2023.11.19"]
[EventType "team-tourn"]
[EventRounds "14"]
[EventCountry "ESP"]
[SourceTitle "AjedrezenMadrid"]
[Source "lmi"]
[SourceDate "2023.11.19"]
[SourceVersion "1"]
[SourceVersionDate "2024.03.19"]
[SourceQuality "1"]
[WhiteTeam "Collado Villalba"]
[BlackTeam "Blanco y Negro"]
[WhiteTeamCountry "ESP"]
[BlackTeamCountry "ESP"]

1. e4 c5 2. c3 Nf6 3. e5 Nd5 4. Bc4 Nb6 5. Bb3 Nc6 6. Nf3 d6 7. exd6 e6 8. d4
cxd4 9. Nxd4 Nxd4 10. Qxd4 Qxd6 11. Be3 Nd7 12. Nd2 Qxd4 13. Bxd4 e5 14. Be3
Bc5 15. Nc4 Bxe3 16. Nd6+ Ke7 17. Nf5+ Kf8 18. Nxe3 Nc5 19. Rd1 Bd7 20. Bd5 Be8
21. O-O Rb8 22. f4 exf4 23. Rxf4 f6 24. Rfd4 Rc8 25. Nf5 g6 26. Nd6 Rc7 27. b4
Na4 28. Nxe8 Kxe8 29. Bc6+ Rxc6 30. Rd8+ Ke7 31. Rxh8 Nxc3 32. Rxh7+ Ke6 33.
Re1+ Kd5 34. Rxb7 a6 35. a4 Kc4 36. b5 axb5 37. axb5 Nxb5 38. h3 Nc3 39. Ree7
Nd5 40. Re4+ Kd3 41. Rg4 f5 42. Rg3+ Ke4 43. Rf3 f4 44. Ra7 g5 45. Ra4+ Ke5 46.
Ra1 Ke4 47. Rf2 Ne3 48. Ra4+ Ke5 49. Ra1 Ke4 50. Ra4+ Ke5 51. Ra5+ Ke4 52. Ra4+
1/2-1/2

[Event "Madrid-chT 2324"]
[Site "Madrid"]
[Date "2023.11.26"]
[Round "2.6"]
[White "Anton Ortiz, Carlos"]
[Black "Quevedo Marin, Manuel"]
[Result "1/2-1/2"]
[WhiteElo "1556"]
[BlackElo "2140"]
[PlyCount "102"]
[EventDate "2023.11.19"]
[EventType "team-tourn"]
[EventRounds "14"]
[EventCountry "ESP"]
[SourceTitle "AjedrezenMadrid"]
[Source "lmi"]
[SourceDate "2023.11.19"]
[SourceVersion "1"]
[SourceVersionDate "2024.03.19"]
[SourceQuality "1"]
[WhiteTeam "Tajamar"]
[BlackTeam "San Sebastian de los Reyes"]
[WhiteTeamCountry "ESP"]
[BlackTeamCountry "ESP"]

1. d4 Nf6 2. c4 g6 3. Nf3 Bg7 4. g3 c6 5. Bg2 d5 6. Nc3 O-O 7. O-O dxc4 8. a4
a5 9. e4 Bg4 10. h3 Bxf3 11. Bxf3 Qb6 12. e5 Nd5 13. Nxd5 cxd5 14. Bxd5 Nc6 15.
Be3 Rad8 16. Qf3 Nxd4 17. Bxd4 Qxd4 18. Rad1 Qb6 19. Bxc4 Bxe5 20. Rxd8 Qxd8
21. b3 Qc8 22. Kg2 b6 23. Rc1 Qb8 24. Rd1 Qc7 25. Rc1 Kg7 26. Qe3 Qd6 27. Qf3
Qf6 28. Rd1 Qxf3+ 29. Kxf3 Bd6 30. Bb5 Rc8 31. Bc4 Rc5 32. Rd5 Rc6 33. Rd1 Bc5
34. Kg2 Kf6 35. Rd3 e6 36. Kf3 Ke7 37. Ke2 e5 38. Rd5 f6 39. f3 Rc7 40. Rd1 Bd4
41. f4 Kd6 42. fxe5+ fxe5 43. Rf1 Kc5 44. Rf7 Rxf7 45. Bxf7 Kd6 46. Kf3 Ke7 47.
Bc4 h5 48. g4 Kf6 49. gxh5 gxh5 50. Ke4 Kg5 51. Be6 Kf6 1/2-1/2

[Event "Madrid-chT 2324"]
[Site "Madrid"]
[Date "2023.11.26"]
[Round "2.6"]
[White "Lopez Gomez, Miguel"]
[Black "De la Esperanza Martin, Alberto"]
[Result "1/2-1/2"]
[WhiteElo "2001"]
[BlackElo "1981"]
[PlyCount "37"]
[EventDate "2023.11.19"]
[EventType "team-tourn"]
[EventRounds "14"]
[EventCountry "ESP"]
[SourceTitle "AjedrezenMadrid"]
[Source "lmi"]
[SourceDate "2023.11.19"]
[SourceVersion "1"]
[SourceVersionDate "2024.03.19"]
[SourceQuality "1"]
[WhiteTeam "Mostoles"]
[BlackTeam "San Fernando de Henares"]
[WhiteTeamCountry "ESP"]
[BlackTeamCountry "ESP"]

1. d4 Nf6 2. c4 g6 3. Nc3 d5 4. cxd5 Nxd5 5. e4 Nxc3 6. bxc3 Bg7 7. Nf3 O-O 8.
Be3 c5 9. Qd2 Nc6 10. d5 Qa5 11. Rc1 Rd8 12. Qc2 Nd4 13. Nxd4 cxd4 14. Bd2 dxc3
15. Bxc3 Bxc3+ 16. Qxc3 Qa4 17. Qc4 Qa5+ 18. Qc3 Qa4 19. Qc4 1/2-1/2

[Event "Madrid-chT 2324"]
[Site "Madrid"]
[Date "2023.12.03"]
[Round "3.1"]
[White "Albornoz Cabrera, Carlos Daniel"]
[Black "Alonso Garcia, Aaron"]
[Result "1-0"]
[WhiteElo "2599"]
[BlackElo "2444"]
[PlyCount "61"]
[EventDate "2023.11.19"]
[EventType "team-tourn"]
[EventRounds "14"]
[EventCountry "ESP"]
[SourceTitle "AjedrezenMadrid"]
[Source "lmi"]
[SourceDate "2023.11.19"]
[SourceVersion "1"]
[SourceVersionDate "2024.03.19"]
[SourceQuality "1"]
[WhiteTeam "Tajamar"]
[BlackTeam "Villalba 64"]
[WhiteTeamCountry "ESP"]
[BlackTeamCountry "ESP"]

1. e4 e6 2. d4 d5 3. e5 c5 4. c3 Nc6 5. Nf3 Qb6 6. Bd3 Bd7 7. O-O cxd4 8. Re1
a6 9. Nbd2 dxc3 10. bxc3 Na5 11. Rb1 Qc7 12. Nb3 Nc4 13. Nbd4 b5 14. Bf4 Ne7
15. h4 h6 16. h5 Nc8 17. Nd2 N8b6 18. Nxc4 Nxc4 19. Qg4 Rc8 20. a4 Na3 21. Rbc1
bxa4 22. Nf5 exf5 23. Bxf5 Bxf5 24. Qxf5 Be7 25. e6 Qc5 26. exf7+ Kf8 27. Rxe7
Kxe7 28. Re1+ Kf8 29. Qe6 g5 30. Bd6+ Kg7 31. Qg6# 1-0